000 00588 a2200217 4500
005 20260102113703.0
008 260102b |||||||| |||| 00| 0 eng d
020 _a9789349202658
_cRs. 500.00
040 _aMAIN
082 _a371.9
_bS58D
100 _aSangeeta
245 _aDivyangata se grasth chatro ke shiksha ka parichaya
260 _bV R Book International
_c2025
_aNew Delhi
300 _axi, 127
650 _aEducation
650 _aSpecial Education
650 _aInclusive Education
650 _aLearning Disabilities
700 _aYadav, Priyanka
942 _cBK
999 _c393808
_d393808